000 00990nam a2200253Ia 4500
003 OSt
005 20220923211431.0
006 a|||||r|||| 00| 0
007 ta
008 220922b |||||||| |||| 00| 0 hin d
020 _a9789350001110 (hbk)
_c225
024 _a242,819
037 _b446, 18/02/2010, Vani Prakashan
_cTextual
040 _aARTS
_cARTS
_bhin
041 _2hin
_ahin
082 _aO155,3N56w,1, 152P9
100 _aलिंबाले, शरणकुमार; रणसुभे, सूर्यनारायण, अनु.
245 0 _aअक्करमाशी
246 _aAkkaramāshī
260 _aनयी दिल्ली
_b वाणी प्रकाशन
_c2009
300 _a151पृ.
_ccm.
942 _hO155,3N56w,1, 152P9
_cTEXL
_2CC
999 _c299447
_d299447